| 000 | 00482nam a2200181Ia 4500 | ||
|---|---|---|---|
| 008 | 240925s9999 xx 000 0 und d | ||
| 020 | _a471099600 | ||
| 082 | _a510 BOA | ||
| 100 | _aBoas ,Mary L. | ||
| 245 | 0 | _aMathematical Methods In The Mathematics | |
| 250 | _a2nd | ||
| 260 |
_aNew York: _bJohn Wiley & Sons _c,1983. |
||
| 300 |
_axxxi, 1246p. _bNA _fOriginal |
||
| 500 | _aIncludes Index | ||
| 600 | _aHumanities & Natural Science | ||
| 650 | _aMathematics | ||
| 942 | _cBK | ||
| 999 |
_c2610 _d2610 |
||